Makers UK Limited v Mayor and Burgesses of the London Borough of Camden (Record no. 80856)

MARC details
000 -LEADER
fixed length control field 02471cad a22002775a 4500
001 - CONTROL NUMBER
control field L145527
008 - FIXED-LENGTH DATA ELEMENTS--GENERAL INFORMATION
fixed length control field 081020e20080725xxk f v 000 0 eng d
035 ## - SYSTEM CONTROL NUMBER
System control number (Sirsi) u145527
041 0# - LANGUAGE CODE
Language code of text/sound track or separate title eng
245 00 - TITLE STATEMENT
Title Makers UK Limited v Mayor and Burgesses of the London Borough of Camden
Medium [electronic resource]
260 ## - PUBLICATION, DISTRIBUTION, ETC.
Date of publication, distribution, etc. 2008
520 ## - SUMMARY, ETC.
Summary, etc. [2008] EWHC 1836 (TCC), 25 July 2008. The case turns around the extent in which a party makes representation to a nominating body to choose a particular adjudicator. Makers UK Limited (M) accuses Camden (C) of a wrongful determination of this employment under the contract. Its clause 9A provided that the adjudicator could be an individual agreed on by both parties or and individual nominated by the Royal Institute of British Architects (RIBA). (M)'s solicitor contacted a qualified solicitor on the RIBA panel to check his willingness to act as an adjudicator. He subsequently proposed this adjudicator to the RIBA panel who appointed him. (C) disputed the validity of the nomination on the basis that the adjudicator was chosen unilaterally by opponent parties and that the adjudicator took a biased decision. Held: The judge concluded that it was possible to make a representation for an individual to be chosen as adjudicator. The Court advised to limit unilateral contact with adjudicators and to make enquiries of potential adjudicators in writing. The Court also recommended nominating bodies to review their rules and consider whether to accept representations and if so, to consider if notice should be given to the other party.
590 ## - LOCAL NOTE (RLIN)
Local note KA
650 24 - SUBJECT ADDED ENTRY--TOPICAL TERM
Topical term or geographic name entry element HOUSING GRANTS, CONSTRUCTION AND REGENERATION ACT 1996
650 24 - SUBJECT ADDED ENTRY--TOPICAL TERM
Topical term or geographic name entry element JCT INTERMEDIATE FORM OF BUILDING CONTRACT FOR WORKS OF SIMPLE CONTENT (1998 EDITION)
650 24 - SUBJECT ADDED ENTRY--TOPICAL TERM
Topical term or geographic name entry element MAKERS UK LIMITED V THE MAYOR AND BURGESSES OF THE LONDON BOROUGH OF CAMDEN
650 24 - SUBJECT ADDED ENTRY--TOPICAL TERM
Topical term or geographic name entry element BP REFINERY (WESTERNPOINT) PTY LTD V SHIRE OF HASTINGS
650 24 - SUBJECT ADDED ENTRY--TOPICAL TERM
Topical term or geographic name entry element MOSVOLDS REDERI A/S V FOOD CORP OF INDIA
650 24 - SUBJECT ADDED ENTRY--TOPICAL TERM
Topical term or geographic name entry element CROSSLEY V FAITHFUL & GOULD HOLDINGS
650 24 - SUBJECT ADDED ENTRY--TOPICAL TERM
Topical term or geographic name entry element AMEC CAPITAL PROJECTS LTD V WHITEFRIARS CITY ESTATES LTD
650 24 - SUBJECT ADDED ENTRY--TOPICAL TERM
Topical term or geographic name entry element PORTER V MAGILL
651 #4 - SUBJECT ADDED ENTRY--GEOGRAPHIC NAME
Geographic name England and Wales
Chronological subdivision 1543-
690 ## - LOCAL SUBJECT ADDED ENTRY--TOPICAL TERM (OCLC, RLIN)
Topical term or geographic name as entry element MANAGEMENT-DISPUTE AVOIDANCE, MANAGEMENT AND RESOLUTION-DISPUTE MANAGEMENT AND RESOLUTION-ALTERNATIVE DISPUTE RESOLUTION-ADJUDICATION
856 40 - ELECTRONIC LOCATION AND ACCESS
Uniform Resource Identifier <a href="https://www.bailii.org/ew/cases/EWHC/TCC/2008/1836.html">https://www.bailii.org/ew/cases/EWHC/TCC/2008/1836.html</a>
Public note View the case free of charge at www.bailli.org...
942 ## - ADDED ENTRY ELEMENTS (KOHA)
Suppress in OPAC 0
Holdings
Withdrawn status Lost status Source of classification or shelving scheme Damaged status Not for loan Home library Current library Shelving location Date acquired Total Checkouts Full call number Barcode Date last seen Copy number Price effective from Koha item type
    Dewey Decimal Classification     Virtual Virtual Online 20/10/2008   ONLINE PUBLICATION 145527-2001 06/08/2019 1 06/08/2019 Law report